Music Quiz

Random Music or Letter Quiz

Wheel of Four Tunes Quiz Stats

Quiz Updated Sep 28, 2016

Challenge
Share
Tweet
Embed
Score 0/40 Timer 12:00
2 Plays Today
heading Answer % Correct
Artist 3 - Shown: E, L, N, R,V, YI'll Be There For You
78.4%
Artist 3 - Shown: E, L, N, R,V, YLivin' On A Prayer
76.6%
Artist 2 - Shown: E, K, N, S, T, WThat's The Way (I Like It)
76.3%
Artist 3 - Shown: E, L, N, R,V, YBon Jovi
71.5%
Artist 6 - Shown: A, D, L, N, S, TAgainst All Odds (Take A Look At Me Now)
70%
Artist 7 - Shown: E, G, H, N, L, TBen
64.2%
Artist 2 - Shown: E, K, N, S, T, WGet Down Tonight
62.2%
Artist 1 - Shown: R, S, T, L, N, OSuperstition
61.7%
Artist 2 - Shown: E, K, N, S, T, W(Shake, Shake, Shake) Shake Your Booty
59.7%
Artist 7 - Shown: E, G, H, N, L, TMichael Jackson
59.3%
Artist 4 - Shown: C, I, L, N, R, TBeyoncé
57.3%
Artist 7 - Shown: E, G, H, N, L, TDon't Stop Til You Get Enough
55.6%
Artist 4 - Shown: C, I, L, N, R, TCrazy In Love
55.5%
Artist 7 - Shown: E, G, H, N, L, TBeat It
55.4%
Artist 4 - Shown: C, I, L, N, R, TSingle Ladies (Put A Ring On It)
51.2%
Artist 1 - Shown: R, S, T, L, N, OStevie Wonder
50.9%
Artist 3 - Shown: E, L, N, R,V, YYou Give Love A Bad Name
49.7%
Artist 7 - Shown: E, G, H, N, L, TBillie Jean
49.1%
Artist 4 - Shown: C, I, L, N, R, TIrreplaceable
46.1%
Artist 1 - Shown: R, S, T, L, N, OPart-Time Lover
43.2%
heading Answer % Correct
Artist 5: Shown: E, L, N, R, S, TWaterfalls
42.6%
Artist 6 - Shown: A, D, L, N, S, TPhil Collins
42.4%
Artist 8 - Shown: E, G, K, P, R, TMadonna
42.3%
Artist 8 - Shown: E, G, K, P, R, TLike A Prayer
41.5%
Artist 2 - Shown: E, K, N, S, T, WK.C and the Sunshine Band
40.8%
Artist 5: Shown: E, L, N, R, S, TTLC
39.7%
Artist 8 - Shown: E, G, K, P, R, TLike A Virgin
38.9%
Artist 5: Shown: E, L, N, R, S, TNo Scrubs
37.2%
Artist 1 - Shown: R, S, T, L, N, OI Just Called To Say I Love You
35.3%
Artist 8 - Shown: E, G, K, P, R, TOpen Your Heart
33%
Artist 6 - Shown: A, D, L, N, S, TAnother Day In Paradise
32.2%
Artist 6 - Shown: A, D, L, N, S, TSussudio
31.8%
Artist 1 - Shown: R, S, T, L, N, OYou Are The Sunshine Of My Life
31.1%
Artist 5: Shown: E, L, N, R, S, TCreep
30.1%
Artist 2 - Shown: E, K, N, S, T, WPlease Don't Go
24.5%
Artist 5: Shown: E, L, N, R, S, TUnpretty
23.3%
Artist 4 - Shown: C, I, L, N, R, TCheck On It
20.8%
Artist 3 - Shown: E, L, N, R,V, YBad Medicine
10.6%
Artist 6 - Shown: A, D, L, N, S, TSeparate Lives
9.6%
Artist 8 - Shown: E, G, K, P, R, TThis Used To Be My Playground
5.6%

You're not logged in!

Compare scores with friends on all Sporcle quizzes.
Sign Up with Email
OR
Log In

You Might Also Like...

Show Comments

Extras

Top Quizzes Today


Score Distribution

Your Account Isn't Verified!

In order to create a playlist on Sporcle, you need to verify the email address you used during registration. Go to your Sporcle Settings to finish the process.